000 00577nam a2200217Ia 4500
003 OSt
005 20220928135006.0
006 a|||||r|||| 00| 0
007 ta
008 220927b |||||||| |||| 00| 0 eng d
024 _a390
037 _cTextual
040 _aSDCL
_cSDCL
_beng
041 _2eng
_aeng
082 _aX0gY.44Q72'N8, M2
100 _aOsmani Siddiqur-Rahman
_9489190
245 0 _aEconomic inequality and group welfare
260 _c1982
942 _hX0gY.44Q72'N8, M2
_cTEXL
_2CC
999 _c804414
_d804414